00533nam a2200181Ia 450000500170000000800410001702000150005808200210007324500990009426000360019326000400022930000120026965000110028165000120029265000120030470000190031670000160033520250115030548.0240331s9999 xx 000 0 und d a9062249841 bNOE24022a305.3 0aGender, Economic Growth And Poverty:bMarket Growth and State Planning in Asia and the Pacific aNew DelhibKali for Womenc1994 aUtrecht bInternational Booksc1994 a395 p., aGender aPoverty aEconomy aHeyzer, Needt aSen, Geedt